000 00636nam a2200181 i 4500
001 125601
003 ES-MaACL
007 t|
008 070620q1981 mx ||||1| spa d
100 1 _aZiemer, Rodger E.
_9118246
245 1 0 _aPrincipios de comunicaciones
_b: sistemas, modulación y ruido /
_cR. E. Ziemer ; [traducción Carlos A. García Ferrer ; revisión Francisco Ocampo Millán].
260 _aMéxico :
_bTrillas,
_c[1981]
300 _a636 p. ;
_c23 cm.
650 1 4 _aTelecomunicaciones.
_917425
700 1 _aGarcía Ferrer, Carlos A.
_954612
700 1 _aOcampo Millán, Francisco.
_986450
852 _aES-MaACL
_jL-4627
999 _c125601
_d125601